00738 2200289 4500001002100000005001500021035002000036007000300056008004100059020002200100082001200122084001800134100002700152245004100179250001000220300002900230650001000259264004500269336002100314337003000335338002300365990001200388990001200400990001200412990001200424990001200436INLIS00000000000012720230721095203 a0010-0723000103ta230721 0  a978-602-03-3277-2 a899.221 a899.221 AST t0 aAstrid ZengePengarang1 aTerpikat Sang Playboy /cAstrid Zeng acet 2 a245 hal :bilus ;c21 cm 4aNovel aJakarta :bGramedia Pustaka Utama,c2017 2rdacontentateks 2rdamediaatanpa perantara 2rdacarrieravolume a23.0001 a23.0006 a23.0812 a25.0454 a25.1159